01228cam a2200325 a 45000010009000000050017000090080041000260100017000670200028000840200031001120400013001430500024001560820024001801000032002042450088002362500012003242600042003363000037003785040064004156500037004796500062005166500043005786500040006216530019006617000030006807000026007109420012007369990017007489520137007651564901920130812122832.0090306s2009 nyua b 001 0 eng  a 2009009103 a0071482725 (alk. paper) a9780071482721 (alk. paper) aDLCcDLC00aTK7868.P6bP75 200900a621.381044222bPRE1 aPressman, Abraham I.92332710aSwitching Power Supply Design /cAbraham I. Pressman, Keith Billings, Taylor Morey. a3rd ed. aNew York :bMcGraw-Hill, 2009cc2009. axxxvii, 841 p. :bill. ;c24 cm. aIncludes bibliographical references (p. 797-806) and index. 0aSwitching power supplies.923328 0aElectronic apparatus and appliancesxPower supply.923329 0aMicroelectronicsxPower supply.923330 0aElectric current converters.923331 bElecApril20111 aBillings, Keith H.9233321 aMorey, Taylor.923333 2ddccBB c15178d15178 00102ddc40708BaccahaMAINbMAINc1STd2011-04-27epurchaseg512.00h12158l0o621.381044 PREp000023395r2025-07-15 00:00:00yBB